| 000 | 00459nam a22001817a 4500 | ||
|---|---|---|---|
| 003 | CEME | ||
| 005 | 20210628202903.0 | ||
| 008 | 210119b xxu||||| |||| 00| 0 eng d | ||
| 020 | _a81-309-0009-2 | ||
| 040 | _c. | ||
| 082 | _a510.2462 RAO | ||
| 100 |
_aRao, H.S Govinda _98674 |
||
| 245 | _aAdvanced engineering mahtematics | ||
| 260 |
_aNEW DELHI _bVIVA BOOK _c2006 |
||
| 300 | _aIX399 P | ||
| 650 |
_aENGINEERING MAHTEMATICS _962161 |
||
| 942 |
_cBK _2ddc |
||
| 999 |
_c571359 _d571359 |
||